000 00916nam a2200241 i 4500
001 172183
003 ES-MaACL
005 20250825063339.0
008 090616s1978 sp |||| | spa d
020 _a84-276-0454-8
080 _a781(02)"17"
100 1 _aEximeno, Antonio,
_d1729-1808
_9140749
245 1 0 _aDel origen y reglas de la música /
_cAntonio Eximeno ; edición preparada por Francisco Otero.
260 _aMadrid :
_bEditora Nacional,
_c1978.
300 _a312 p. ;
_c18 cm.
490 1 _aBiblioteca de la literatura y el pensamiento hispánicos ;
_v36
650 4 _aMúsica-
_yObras anteriores a 1800.
_915396
650 7 _aMúsica-
_xTeoría
_2
_9139211
700 1 _aOtero, Francisco.
_987885
830 1 _aBiblioteca de la literatura y el pensamiento hispánicos ;
_v36
_9180925
852 4 _aES-MaACL
_jE-12714
_z- Biblioteca Jacinto Martínez Lacalle
999 _c172183
_d172183